TENDER LOVING CARE (Record no. 373169)

MARC details
000 -LEADER
fixed length control field 00355nam a2200145Ia 4500
008 - FIXED-LENGTH DATA ELEMENTS--GENERAL INFORMATION
fixed length control field 100122s9999 xx 000 0 und d
082 ## - DEWEY DECIMAL CLASSIFICATION NUMBER
Item number 43606
Classification number 821
100 ## - MAIN ENTRY--PERSONAL NAME
Personal name NIMETH A J
245 ## - TITLE STATEMENT
Title TENDER LOVING CARE
260 ## - PUBLICATION, DISTRIBUTION, ETC. (IMPRINT)
Name of publisher, distributor, etc BETTER YOUR SELF BOOKS
Date of publication, distribution, etc 1975
300 ## - PHYSICAL DESCRIPTION
Extent 120
630 ## - SUBJECT ADDED ENTRY--UNIFORM TITLE
Uniform title TENDER LOVING CARE
730 ## - ADDED ENTRY--UNIFORM TITLE
Uniform title TENDER LOVING CARE
942 ## - ADDED ENTRY ELEMENTS (KOHA)
Koha item type Book
Holdings
Withdrawn status Lost status Damaged status Not for loan Home library Current library Date acquired Cost, normal purchase price Total Checkouts Full call number Barcode Date last seen Cost, replacement price Price effective from Koha item type Public note
        S.V. Pathak Library, Vile Parle S.V. Pathak Library, Vile Parle 01/24/1990 16.00   43606 SVPPARLE-43606 01/25/2010 16.00 01/25/2010 Book ", , General, NA"